000 00722nam a22002414a 4500
001 BIBLIOTECA MUNICIPAL DE BARRANCO
007 ta
008 t pe gr 00| 0 spa d
017 _a2024-08002
020 _a978-612-5160-40-9
040 _aBIBLIOTECA MUNICIPAL DE BARRANCO
041 _aspa
043 _cpe
082 _a869.56
_bL72 2024
100 _aLituma Agüero, Leopoldo, 1957-, autor
245 _a2084 : crónicas del pasado, presente y futuro /
_cT. G. Lituc
250 _a1a ed.
260 _aLima :
_b Ediquid,
_c2024
300 _a115 páginas ;
_c23 cm.
490 _aNuevas voces (Ediquid)
650 0 _92168
_aCuentos peruanos - Siglo XX.
942 _cBK
_e2025-06-11
_zGHÑ
999 _c10886
_d10886